| 000 | 00569cam a2200169 a 4500 | ||
|---|---|---|---|
| 020 | _a0949511234 | ||
| 040 | _cArU-Mon | ||
| 082 | _a583 AUS 1986 A032 Or. | ||
| 245 | 0 | 0 |
_aMultipurpose Australian trees and shrubs : _blesser-known species for fuelwood and agroforestry / |
| 260 |
_aCanberra : _bAustralian Centre for International Agricultural Research, _c1986. |
||
| 300 |
_a316 p. : _bill., maps ; _c25 cm. |
||
| 650 | 0 | _aTrees | |
| 650 | 0 | _aShrubs | |
| 700 | 1 | _aTurnbull, J. W. | |
| 710 | 2 | _aAustralian Centre for International Agricultural Research. | |
| 942 | _cEK | ||
| 999 |
_c12119 _d12119 |
||